| 000 | 00455nam a2200157 a 4500 | ||
|---|---|---|---|
| 001 | 000017211 | ||
| 005 | 20200929165042.0 | ||
| 008 | 100319s1975 dr 000 0 spa d | ||
| 040 | _aDO-SdBNP | ||
| 082 |
_axxx _bM539s |
||
| 100 | 1 |
_aMendoza, Hugo R. _96390 |
|
| 245 | 1 | 3 |
_aSinopsis de Diagnostico físico en pediatría / _cHugo R. Mendoza. |
| 260 |
_aSanto Domingo : _bUniversidad Autónoma de Santo Domingo, _c1975. |
||
| 300 | _a62 p. | ||
| 049 | _aBNPD | ||
| 999 |
_c16736 _d16736 |
||